00206nam a2200097 4500020001500000082001200015100001600027245003400043260002300077300000800100 a1874477051 a510 KAN aKaner Peter aMathematics Revision for GCSE aLondonbKESPc1987 a437